01438nam a2200337 a 4500001001000000003000500010005001700015008004100032010001100073011001100084040000900095090001000104100003600114245016300150260004100313500006000354502008100414590004000495590004000535650003700575650003500612650003100647650003400678856007000712901000700782942001000789942000600799999001900805952014000824952013600964000112224CHAP20220329144251.0160115s2015 mx a fsm |||||||spa d a108685 a109657 cCHAP aTesis1 aGarcía Cantú, Oscar913041910aEstimación del desprendimiento del suelo, bajo condiciones de relieve con pendientes complejas en Necaxa, Puebla/h[En línea]cpor Oscar García Cantú. aChapingo, Méx. :bEl autor,c2015. aPara ver el contenido del material haga clic en la liga aTesis (Ing. en ecursos Naturales Renovables) -- UACH. Departamento de Suelos aE6096MTMb05c20160115lUCH01h1457 aE6096MTMb05c20160115lUCH01h150114aLluviaxEfecto en suelos.96732214aSuelosxDegradación.911033614aSuelosxErosión.911035714aSuelosxTopografía.9110495 aFinding aiduhttp://10.13.5.2/tesis/sist112224.pdfzTeclea aquí aBK cTESIS n0 c108685d108685 00102local4053708TESISaBCbBCcPA_TESISd2016-01-15fTESISl0oTesisp33724002516611r2019-12-31 00:00:00tC.2w2019-12-31yTESIS 00104054718TESISaBCbBCd2016-01-15fTESISl0oTesisp33724002516652r2019-12-31 00:00:00w2019-12-31yTESISzRecien adquirido